000 00576nam a2200205Ia 4500
003 OSt
005 20230413113820.0
008 210423s2010 xx 000 0 und d
020 _a9788132104728
040 _cAL
041 _aeng
082 _a791.430954 GEHA
100 _aGEHLAWAT (Ajay).
_987850
245 _aReframing bollywood: theories of popular hindi cinema.
260 _aLos Angeles
_bSage Publications
_c2010
300 _axxiv,165
_bHB
365 _b450
_cINR
906 _abollywood: ; cinema. ; hindi ; popular ; Reframing ; theories
942 _2ddc
_cBK
999 _c159699
_d159699